00977nam a2200241Ia 4500003000400000005001700004008004100021020001800062040001800080041000800098082002200106100003600128245020000164250001200364260004400376300003000420650003100450650003600481650004200517942002600559999001900585952013100604OSt20251230115021.0210716s2016 xx 000 0 und d a9781784393670 cAIMIT LIBRARY aeng a005.764 21bCHIL aChin, Leo (Liang-Huan).9249752 aNumPy essentials: bBoost your scientific and analytic capabilities in no time at all by discovering how to build real world applications with NumPy/cBy Leo (Liang- Huan ) Chin and Tanmay Dutta. a1st ed. aMumbai :bPackt Publishing Ltd ,c2016. aiii,143 p.;bPBc24.5 cm. aUsing numpy arrays9249753 aLinear algebra in Numpy9249754 aSpeeding up numpy with cython9249755 2ddccBKk005.764 CHIL c196702d196702 001040708MCAaAIMITbAIMITeKnowledge Worldg599.00l0o005.764 CHILpMCA16217r2026-05-23 00:00:00v449.25w2021-07-16yBK